000 00548cam a2200145 4500500
005 20260301001757.0
041 _afre
042 _adc
100 1 0 _aCalvez, Jean-Yves
_eauthor
245 0 0 _aChantal Delsol , La Grande méprise , Justice internationale, Gouvernement mondial, Guerre juste… La Table Ronde, 2004, 170 pages, 18 €
260 _c2005.
500 _a12
786 0 _nÉtudes | 402 | 2 | 2005-02-01 | p. XVII-XVII | 0014-1941
856 4 1 _uhttps://shs.cairn.info/revue-etudes-2005-2-page-XVII?lang=fr&redirect-ssocas=7080
999 _c1674253
_d1674253